| 000 | 00612nam a22002177a 4500 | ||
|---|---|---|---|
| 001 | 00028715 | ||
| 005 | 20260406123231.0 | ||
| 008 | 260406b ag ||||| |||| 00| 0 spa d | ||
| 020 | _a8439521901 | ||
| 040 |
_aAR-CcCEOS _bspa _cAR-CcCEOS |
||
| 041 | _aspa | ||
| 080 | _a159.923 | ||
| 090 | _bREI | ||
| 100 | 1 |
_aReich, Wilhelm _91025 |
|
| 245 |
_aLa revolución sexual / _cWilhelm Reich |
||
| 264 |
_aBarcelona : _bPlaneta, _cc1993. |
||
| 300 |
_a274 p. ; _c24x15 cm. |
||
| 490 | _vObras Maestras del Pensamiento Contemporaneo ; 22 | ||
| 655 | 0 |
_apsicología _vpsiconoanalisis _9124 |
|
| 942 |
_2udc _cBK _n0 |
||
| 999 |
_c28748 _d28748 |
||